000
00242nam a2200097Ia 4500
001
652154
005
20250826154433.0
008
250824s9999 xx 000 0 und d
245
0
_a
ELİMDE DEĞİL
_c
Holly L. Niner
260
_b
TÜBİTAK YAYINLARI
999
_c
652154
_d
652154